000 00796nam a22003130a 4500
001 PT50295
003 AR-LpoUNG
005 20210131231339.0
008 191001s1998||||ag |||||||||||||||||spa d
020 _a950280239X
_c$22
040 _aAR-LpoUNG
_bspa
_cAR-LpoUNG
_eaacr
041 _aspa
044 _aag
082 0 _aA863 168nue
100 1 _aAccame, Jorge
245 1 0 _aNuestros cuentos :
_buna antología de la narrativa argentina
250 _a1§ ed.
260 _aBuenos Aires :
_bA.B.R.N.,
_c1998.
300 _a205 p. :
_bil.
650 4 _aANTOLOGIAS
650 4 _aARGENTINA
650 4 _aCUENTOS
650 4 _aLITERATURA
651 4 _aDOCUMENTOS TEORICOS O METODOLOGICOS
700 1 _aArazi, Silvia
700 1 _aBajo, Cristina
905 _a50295
942 _cLIB
999 _c9526
_d9526